| Tag |
First Indicator |
Second Indicator |
Subfields |
| LEADER |
00000cam a2200000 i 4500 |
| 001 |
in00003422012 |
| 005 |
20220106085237.0 |
| 006 |
m o d f |
| 007 |
cr ||| |
| 008 |
131114s2013 dcua ob f000 0 eng c |
| 035 |
|
|
|a (OCoLC)ocn862963196
|
| 040 |
|
|
|a GPO
|b eng
|e rda
|e pn
|c GPO
|d GPO
|d MvI
|d UtOrBLW
|
| 042 |
|
|
|a pcc
|
| 043 |
|
|
|a n-us---
|
| 049 |
|
|
|a WWW
|
| 074 |
|
|
|a 1089 (online)
|
| 086 |
0 |
|
|a Y 3.2:L 85/R 29
|
| 110 |
1 |
|
|a United States.
|b Commission on Long-Term Care,
|e author.
|
| 245 |
1 |
0 |
|a Report to the Congress /
|c Commission on Long-Term Care.
|
| 264 |
|
1 |
|a Washington :
|b U.S. Government Printing Office,
|c [2013]
|
| 300 |
|
|
|a 1 online resource (viii, 130 pages) :
|b color illustrations
|
| 336 |
|
|
|a text
|b txt
|2 rdacontent
|
| 337 |
|
|
|a computer
|b c
|2 rdamedia
|
| 338 |
|
|
|a online resource
|b cr
|2 rdacarrier
|
| 500 |
|
|
|a Title from title screen (viewed on November 14, 2013).
|
| 504 |
|
|
|a Includes bibliographical references.
|
| 650 |
|
0 |
|a Long-term care of the sick
|z United States
|x Evaluation.
|
| 650 |
|
0 |
|a Long-term care of the sick
|x Government policy
|z United States.
|
| 650 |
|
0 |
|a Older people
|x Long-term care
|z United States
|x Evaluation.
|
| 650 |
|
0 |
|a Older people
|x Long-term care
|x Government policy
|z United States.
|
| 710 |
1 |
|
|a United States.
|b Congress.
|b Senate,
|e issuing body.
|
| 776 |
0 |
8 |
|i Print version:
|a United States. Commission on Long-Term Care.
|t Report to the Congress
|w (OCoLC)862963399
|
| 856 |
4 |
0 |
|u https://purl.fdlp.gov/GPO/gpo41437
|t 0
|
| 999 |
|
|
|a MARS
|
| 999 |
f |
f |
|s 3e5178b2-e4ed-31da-9815-73c47b3e44d2
|i ed31bb0f-5199-348f-bce4-ceea1d98b70e
|t 0
|
| 952 |
f |
f |
|a Texas A&M University
|b College Station
|c Electronic Resources
|d Available Online
|t 0
|e Y 3.2:L 85/R 29
|h Superintendent of Documents classification
|
| 998 |
f |
f |
|a Y 3.2:L 85/R 29
|t 0
|l Available Online
|